Digital telephony (Record no. 3592)

000 -LEADER
fixed length control field 00571nam a2200217 a 4500
001 - CONTROL NUMBER
control field 3592
003 - CONTROL NUMBER IDENTIFIER
control field BD-DhUET
008 - FIXED-LENGTH DATA ELEMENTS--GENERAL INFORMATION
fixed length control field 900501s1991 nyua b 001 0 eng
020 ## - INTERNATIONAL STANDARD BOOK NUMBER
International Standard Book Number 0471620564
040 ## - CATALOGING SOURCE
Original cataloging agency DLC
Transcribing agency DLC
Modifying agency BD-DhUET
082 ## - DEWEY DECIMAL CLASSIFICATION NUMBER
Classification number 623.85
Item number BEL/1991
100 ## - MAIN ENTRY--PERSONAL NAME
Personal name Bellamy, John
245 10 - TITLE STATEMENT
Title Digital telephony
250 ## - EDITION STATEMENT
Edition statement 2nd ed.
260 ## - PUBLICATION, DISTRIBUTION, ETC. (IMPRINT)
Place of publication, distribution, etc. New York
Name of publisher, distributor, etc. John wiley & sons
Date of publication, distribution, etc. 1991
300 ## - PHYSICAL DESCRIPTION
Extent xix, 572 p.
Other physical details ill.
Dimensions 25 cm.
490 ## - SERIES STATEMENT
Series statement Wiley Series in telecommunications
504 ## - BIBLIOGRAPHY, ETC. NOTE
Bibliography, etc Includes bibliographies
650 #0 - SUBJECT ADDED ENTRY--TOPICAL TERM
Topical term or geographic name as entry element Digital telephony
942 ## - ADDED ENTRY ELEMENTS (KOHA)
Koha item type General Book
Holdings
Lost status Damaged status Price effective from Koha date last seen Sublocation or collection (holding branch) Withdrawn status Copy number Koha date last borrowed Koha normalized classification for sorting Date acquired Koha issues (times borrowed) Koha item type Source of classification or shelving scheme Not for loan Shelving location Piece designation (barcode) Koha full call number Location (home branch)
  2014-11-022016-02-06Central Library, BUET 12015-10-10623_000000000000000_85BEL19912014-11-022General Book  Circulation section83618623.85/BEL/1991Central Library, BUET
  2014-11-022017-08-26Central Library, BUET 2 623_000000000000000_85BEL19912014-11-02 General Book  Circulation section83620623.85/BEL/1991Central Library, BUET
  2014-11-022017-08-16Central Library, BUET 3 623_000000000000000_85BEL19912014-11-02 General Book  Circulation section83623623.85/BEL/1991Central Library, BUET
  2014-11-022024-02-20Central Library, BUET 42023-03-07623_850000000000000_BEL_19912014-11-022General Book  Circulation section86339623.85/BEL/1991Central Library, BUET
  2015-07-012015-07-01Central Library, BUET 5 623_850000000000000_BEL_19912015-07-01 Reading Item  Reading section87594623.85/BEL/1991Central Library, BUET
  2024-12-092024-12-09Central Library, BUET ক-১ 623_850000000000000_BEL_19911992-06-06 Rental Item  Rental section83563623.85 BEL/1991Central Library, BUET
  2024-12-092024-12-09Central Library, BUET ক-২ 623_850000000000000_BEL_19911992-06-06 Rental Item  Rental section83564623.85 BEL/1991Central Library, BUET
  2024-12-092024-12-09Central Library, BUET ক-৩ 623_850000000000000_BEL_19911992-06-06 Rental Item  Rental section83565623.85 BEL/1991Central Library, BUET
  2024-12-092024-12-09Central Library, BUET ক-৪ 623_850000000000000_BEL_19911992-06-06 Rental Item  Rental section83566623.85 BEL/1991Central Library, BUET
  2024-12-092024-12-09Central Library, BUET ক-৫ 623_850000000000000_BEL_19911992-06-06 Rental Item  Rental section83567623.85 BEL/1991Central Library, BUET
  2024-12-092024-12-09Central Library, BUET ক-৬ 623_850000000000000_BEL_19911992-06-06 Rental Item  Rental section83568623.85 BEL/1991Central Library, BUET
  2024-12-092024-12-09Central Library, BUET ক-৭ 623_850000000000000_BEL_19911992-06-06 Rental Item  Rental section83569623.85 BEL/1991Central Library, BUET
  2024-12-092024-12-09Central Library, BUET ক-৮ 623_850000000000000_BEL_19911992-06-06 Rental Item  Rental section83570623.85 BEL/1991Central Library, BUET
  2024-12-092024-12-09Central Library, BUET ক-৯ 623_850000000000000_BEL_19911992-06-06 Rental Item  Rental section83571623.85 BEL/1991Central Library, BUET
  2024-12-092024-12-09Central Library, BUET ক-১০ 623_850000000000000_BEL_19911992-06-06 Rental Item  Rental section83572623.85 BEL/1991Central Library, BUET
  2024-12-092024-12-09Central Library, BUET ক-১১ 623_850000000000000_BEL_19911992-06-06 Rental Item  Rental section83573623.85 BEL/1991Central Library, BUET
  2024-12-092024-12-09Central Library, BUET ক-১২ 623_850000000000000_BEL_19911992-06-06 Rental Item  Rental section83574623.85 BEL/1991Central Library, BUET
  2024-12-092024-12-09Central Library, BUET ক-১৩ 623_850000000000000_BEL_19911992-06-06 Rental Item  Rental section83575623.85 BEL/1991Central Library, BUET
  2024-12-092024-12-09Central Library, BUET ক-১৪ 623_850000000000000_BEL_19911992-06-06 Rental Item  Rental section83576623.85 BEL/1991Central Library, BUET
  2024-12-092024-12-09Central Library, BUET ক-১৫ 623_850000000000000_BEL_19911992-06-06 Rental Item  Rental section83577623.85 BEL/1991Central Library, BUET